Quizzes
Events
Quiz Creation
Community
Videos
Private Events
Remove Ads
Sign In
Join for FREE
Feedback
Dark Mode
Quiz Categories
Sports
Geography
Music
Movies
Television
Just For Fun
Miscellaneous
History
Literature
Language
Science
Gaming
Entertainment
Religion
Holiday
For Kids
Quiz Lab
Recent
Popular Today
Quiz Kudos Today
Editor Picks
Curator Picks
Quizzes by...
Day
Popularity
Type
Ratings
Length
Year
Community
Subscriptions
Recent Discussions
Orange Saloon
Badges
Playlists
Quests
Create
Leaderboards
Showdown
Live 5
Trivia Bingo
Activity
Puzzle Library
Sporcle Events
Private Events
Virtual Trivia
Globe League
Become a Host
Pub Owners
SporcleCon
Opinionation
Our Games
Videos
Blog
Mobile Apps
Partnerships
Remove Ads and Go Orange
Feedback
Gaming
Video Games
Board Games
Card Games
Pokémon
Mario
Nintendo
Minecraft
Console
Toys
Legend of Zelda
Gaming
Video Games
Board Games
Card Games
Pokémon
Mario
Nintendo
Minecraft
Console
Toys
Legend of Zelda
Random Quiz
Search Sporcle
×
Quiz Lab
Quiz Lab
Gaming
Quote
Type in answers that appear in a list
Type in answers that appear in a list
Classic
Best Score? Go Orange.
Star fox character by quote Stats
Can you name the star fox characters by quote?
By
donuthead247
10m
20 Questions
218 Plays
218 Plays
218 Plays
Comments
Comments
Give Quiz Kudos
Give Quiz Kudos
-
- Ratings
hide this ad
More Info
Forced Order
Answers have to be entered in order
Answers have to be entered in order
Replay
Link that replays current quiz
Next Quiz
Link to next quiz in quiz playlist
You Got
0%
They Got
Avg Score
50%
Avg Friend Score
Upgrade to see
Score Distribution
Jump to the score distribution portion of the page
Score
0/20
Timer
10:00
0
Plays Today
Quote
Person
% Correct
Do a Barrel Roll!
Peppy Hare
98.6%
Great now i guess i owe you
Falco Lombardi
75.7%
Stick to The pond froggie!
Andrew oikonny
69.7%
Mission Complete!
Fox Mccloud
69.3%
Can't let you do that star fox!
Wolf O'Donell
69.3%
Never Give up trust your instincts!
James Mccloud
64.7%
Daddy screamed real good before he died
Pigma
61.9%
Andross has declared war!
General Pepper
60.6%
Location Confirmed Sending Supplies
Rob64
59.6%
Those tin cans are no match for me!
Andross
59.2%
Quote
Person
% Correct
Whew! Thanks fox I thought they had me!(oh we wish they did )
Slippy Toad
50%
That was so easy it was almost boring
Leon
46.8%
We Will Save Saruia!
Krystal
44%
Just like old times eh fox?
Bill Grey
44%
Beutiful i Could Kiss you for that!
Katt moore
41.7%
You are a fool to anger me bird you must have a death wish
Panther Caroso
39.9%
Oh I knew you Would Come
Prince Tricky
23.9%
The self destruct program is complete!
Beltino toad
21.6%
You're right. Without all the spirits the magic cannot be channeled back into the planet
Queen EarthWalker
10.6%
I feel both anger and fear. It is unusual. It has been so long since I felt these things
Emperor Angular
3.2%
Quiz Playlist
Details
Report
Send in Message
Add To Playlist
More Info:
If you have a quote POST IT!
Classic:
Type in answers that appear in a list
Forced Order:
Answers have to be entered in order
Quiz Source
Last Updated: Feb 16, 2017
Quiz Scoreboard
CHALLENGE
Sign Up to Join the Scoreboard
Show All
Scores
Hide
Comments
May contain spoilers
Recently Published
1-10 Letter E Words III
by El_Dandy
Language
2m
One Thing in Common: World Cities II
by knightlancer
Geography
7m
Popular People in 1961
by mucciniale
History
6m
More to Explore
Quiz From the Vault
Featured Blog Post
Where Did the Easter Bunny Come From?
hide this ad
You Might Also Like...
Tags
Nintendo Quiz
Quote Quiz
Character
Fox
Person
star
Today's Top Quizzes in Gaming
Browse Gaming
hide this ad
Today's Top Quizzes in Quote
Browse Quote
Top Contributed Quizzes in Gaming
1
Destiny 2 exotic weapons by perk icons
2
Who's on the WWE 2K24 Cover?
3
Windmill: Pokémon
4
Genshin Impact Logic Puzzle
5
Overwatch 2: Ultimate Ability Icons
6
Overwatch 2 Heroes by Selection Quote
7
Genshin murder mystery
8
Legendary or Exotic?
9
Overwatch Logic Puzzle
10
Genshin Impact Logic Puzzle Quiz II
Explore More
Trending Topics
Kpop
Crossword
Anime
Harry Potter
Marvel
Disney
NBA
Soccer
NFL
The Office
Song
Country
Puzzle
WWE
Pokémon
hide this ad
More By:
donuthead247
Quiz
Plays
Rating
Category
Featured
Created
Tributes of the 75th Hunger Games
32,020
4.21
Literature
Oct 27, 2010
Metroid Suits
1,296
3.86
Gaming
Jun 20, 2010
Want You Gone (Portal 2 end song)
780
1.57
Gaming
Apr 23, 2011
Star Fox Grab bag
262
4.00
Gaming
Jun 21, 2010
star fox character by quote
218
2.64
Gaming
Apr 10, 2010
Go to Creator's Profile
Score Distribution
Quiz Creator Spotlight
donuthead247
Follow
Send a Message
Quizzes Created
-
Created Quiz Play Count
-
More By This Creator
Popular Quizzes Today
1
Find the US States - No Outlines Minefield
2
The Countries of the World
3
Popular People in 1961
4
Find the Countries of Europe - No Outlines Minefield
5
1-10 Letter E Words III
6
Find the US States
7
One Thing in Common: World Cities II
8
US States
More Gaming Quizzes
Male World Leaders in Video Games
Editor's Pick
Trending Quizzes
1-10 Letter F Words
1-10 Letter G Words
Risky Map Clicking: Next State Alphabetically
1-10 Letter F Words II
Risky Map Clicking: States by Unique Starting Letters
Recently Updated
Leaping Animals
pecheneg
Reality TV Shows (A-Z)
bhenderson79
Rickey Henderson's Hall of Fame Teammates
pecheneg
Champions League XIs: Arsenal
pecheneg
Quick Pick: Celebrities in WWE's Hall of Fame
aduchscher
A-Z Keypad Blitz II
pecheneg
Multiple Oscar Actors
pecheneg
Mystery Phrase Blitz: Oscar 'Best Actors'
pecheneg
F. Scott Fitzgerald Novels
LTH
Pick 3 Villains
ddd62291
Trending Topics
Anime
Crossword
Harry Potter
Kpop
NBA
Disney
Marvel
Soccer
Pokémon
NFL
The Office
WWE
Country
Puzzle
Song
Your Account Isn't Verified!
In order to create a playlist on Sporcle, you need to verify the email address you used during registration. Go to your
Sporcle Settings
to finish the process.
Report this User
Report this user for behavior that violates our
Community Guidelines
.
Details:
Send Report
Go to the Sporcle.com Mobile Site →
Comments